| 000 | 00725nam a2200265Ia 4500 | ||
|---|---|---|---|
| 001 | 18544 | ||
| 003 | GE_BSU | ||
| 008 | 181216s||||||||xx |||||||||||||| ||und|| | ||
| 020 | _a978-3468496561 | ||
| 040 | _cGE_BSU | ||
| 080 | _a811.112(076.1) | ||
| 100 | _aKleppin, Karin . | ||
| 245 | _aFehler und Fehlerkorrektur | ||
| 245 | _bFernstudieneinheit 19 | ||
| 260 | _aBerlin-Munchen | ||
| 260 | _bLangenscheidt | ||
| 260 | _c1997. | ||
| 300 | _a152p;ill,29cm. | ||
| 541 | _h147Gel. | ||
| 653 | _aFehler und Fehlerkorrektur | ||
| 653 | _aFernstudienangebot Germanistik Deutsch als Fremdsprache | ||
| 653 | _agrammar | ||
| 653 | _aგერმანული ენა (გრამატიკა) | ||
| 942 | _cBK | ||
| 999 |
_c51553 _d51553 |
||